000 00515nam a22001817a 4500
999 _c16617
_d16617
003 AR-CdUCM
008 190504b ||||| |||| 00| 0 spa d
040 _aMUNICIPALIDAD PROVINCIAL DEL CUSCO
_cBIBLIOTECA MUNICIPAL DEL CUSCO
082 _a108 /
_bA55
100 _aAnaxagoras
_936171
245 _aFragmentos /
260 _aBuenos Aires :
_bAguilar,
_c1962.
300 _a72 páginas ;
_c16 cm.
505 _aBiografía -- Fragmentos...
650 _aFragmentos.
_935919
942 _2ddc
_cLIBROS
945 _awfj